| 000 | 03168nam0a2200385 4500 | ||
|---|---|---|---|
| 001 | RU\NLR\BIBL_A\012817115 | ||
| 005 | 20221031154129.0 | ||
| 010 |
_a978-5-7677-3396-5 _9500 |
||
| 021 |
_aRU _bКН-П-22-018025 _9КН-П-22-1551 |
||
| 035 | _a(NLR Aleph) 012817115 | ||
| 035 | _a(RuMoRGB)011017008 | ||
| 090 |
_a12303047 _c12303047 |
||
| 100 | _a20220614d2021 u y0rusy50 ca | ||
| 101 | 0 | _arus | |
| 102 | _aRU | ||
| 105 | _ay z 000zy | ||
| 181 | 0 |
_ai4 _baxxe |
|
| 182 | 0 | _an | |
| 200 | 1 |
_aТрадиции этноса - компонент обыденного сознания _eмонография _fВ. А. Федотов, С. Н. Лапина _gМинистерство науки и высшего образования Российской Федерации, Федеральное государственное бюджетное образовательное учреждение высшего образования "Чувашский государственный университет имени И. Н. Ульянова" |
|
| 203 |
_aТекст _bвизуальный _cнепосредственный |
||
| 210 |
_aЧебоксары _cИзд-во Чувашского университета _d2021 |
||
| 215 |
_a143 с. _d20 |
||
| 300 | _aНа 4-й с. обл. авт.: Федотов В. А. - д-р филос. наук, проф., Заслуж. работник культуры Чуваш. Респ., Заслуж. деят. науки Чуваш. Респ., акад. Междунар. акад. информатизации и Чуваш. нац. акад. наук и искусств, Лапина С. Н. - учитель физики | ||
| 320 | _aБиблиогр.: с. 137-143 (72 назв.) и в подстроч. примеч. | ||
| 330 | _aИсследована проблема этнических традиций, которые представляют духовные ценности различных этносов. Они отражают обобщённые характеристики материальной жизни того или иного этноса, его важнейшие особенности. В монографии традиции этноса рассматриваются как компонент обыденного сознания, который тесно связан с общественной психологией. Для научных работников, а также всех интересующихся современными этнокультурными проблемами | ||
| 606 | 1 |
_aТрадиции в культуре _91490284 _3RU\NLR\AUTH\66640475 |
|
| 606 | 1 |
_aНациональное самосознание _91554153 _3RU\NLR\AUTH\66679050 |
|
| 686 | 1 | _aТ3(0)0-72 | |
| 686 | 1 | _aТ52(0)-7 | |
| 700 | 1 |
_7ca _8rus _aФедотов _bВ. А. _cд-р филос. наук _f1947- _gВасилий Артемьевич _927014 _3RU\NLR\AUTH\7744072 |
|
| 701 | 1 |
_aЛапина _bС.Н. _gСветлана Николаевна |
|
| 942 | _cBOOK | ||
| 980 | _aNB | ||